000 00378nam a2200145Ia 4500
003 OSt
005 20240104105747.0
008 170524s9999 xx 000 0 und d
020 _a8183186262
040 _cIIMT UNIVERSITY
100 _aRAO- P.SUBBA
245 0 _aESSENTIALS OF HUMAN RESOURCE MANAGEMENT& INDUSTRIAL RELATIONAS
260 _bHIMALYA PUB. HOUSE
942 _2ddc
_c02
999 _c8196
_d8196